| 000 | 00526 a2200181 4500 | ||
|---|---|---|---|
| 003 | Nust | ||
| 005 | 20230131084734.0 | ||
| 040 | _cNust | ||
| 082 | _a297.63,SUL | ||
| 100 |
_aSulaiman,Muhammad Qazi _9108139 |
||
| 245 |
_aRahmatul-lil- Alameen Vol-3 _cQazi Muhammad Sulaiman |
||
| 260 |
_aKarachi _bDarul Ishaat |
||
| 300 | _a418:p | ||
| 505 | _aMerits of Holy Prophet Salam (Page-1), Merits of Holy Quran (Page-221). | ||
| 538 | _aAlmirah No.49 Shelf No.2 | ||
| 650 |
_aRahmatul-lil- Almeen _9108140 |
||
| 942 |
_2ddc _cBK |
||
| 999 |
_c185172 _d185172 |
||